00469nam a2200133Ia 4500008004100000245010800041260004800149260000900197300000900206500001300215650001600228999001900244952007200263170224s9999 xx 000 0 und d aStairs or escalator? Using theories of persuasion and motivation to facilitate healthy decision making. bJournal of Experimental Psychology: Applied c2014 a20:4 aDecember xPsychology. c316706d316706 001040aCLbCLd2017-02-24l0r2017-02-24 00:00:00w2017-02-24ySE